000 00915nam a22002771 4500
001 143755
003 SpMaBN
005 20250820042742.0
008 981210s1965 sp spa
016 7 _abimoBNE20000214175
_zIND9800834522
_2SpMaBN
035 _a(OCoLC)432730903
040 _aSpMaBN
_bspa
_cCDM
_dES-MaACL
080 _a232.96
080 _a232.963
100 _aSheen, Fulton J.
_d1895-1979
_0XX820391
_9227301
245 1 0 _aDesde la cruz /
_cMons. J. Fulton Sheen ; versión... revisada por el Dr. D. Eliseo Cots
260 _aBarcelona :
_bEugenio Subirana,
_c[1965]
300 _a281 p. ;
_c21 cm
600 7 _aJesucristo
_xSiete palabras
_9138139
600 0 4 _aJesucristo-
_xPasión
_966375
700 0 _aCots, Eliseo
_941182
852 _aES-MaACL
_bR.56091
_cDEPO2
_jC-27024
_9148947
942 _2udc
_cMONOGRAFIA
999 _c143755
_d143755